000
00292nam a2200121Ia 4500
008
241002s9999 xx 000 0 und d
082
_a
353.0313 MCG
100
_a
McGinniss Joe
245
4
_a
The Selling of the Presdent
260
_a
London:
_c
1970
600
_a
Social Sciences
942
_c
UC
999
_c
18859
_d
18859